Motivy poskytování čínské rozvojové pomoci

Analýza motívov, ktoré stoja za čínskými rozhodnutiami v oblasti poskytnutia rozvojovej pomoci.

Saved in:
Bibliographic Details
Main Author: Erbenová, Monika
Format: Book Chapter
Language:Czech
Subjects:
Tags: Add Tag
No Tags, Be the first to tag this record!

MARC

LEADER 00000naa a2200000 4500
001 0181997
005 20220713131155.0
041 0 |a cze 
044 |a CZ 
245 1 0 |a Motivy poskytování čínské rozvojové pomoci  |c Monika Erbenová 
520 |a Analýza motívov, ktoré stoja za čínskými rozhodnutiami v oblasti poskytnutia rozvojovej pomoci. 
610 2 0 |a Čína 
610 2 0 |a rozvoj sociálno-ekonomický 
610 2 0 |a vzťahy medzinárodné 
610 2 0 |a pomoc rozvojová 
100 1 |a Erbenová, Monika